ទេពធីតាសមុទ្រ : (Record no. 6544)
[ view plain ]
| 000 -LEADER | |
|---|---|
| fixed length control field | 03443nam a22002177a 4500 |
| 001 - CONTROL NUMBER | |
| control field | 6544 |
| 003 - CONTROL NUMBER IDENTIFIER | |
| control field | FISKH |
| 005 - DATE AND TIME OF LATEST TRANSACTION | |
| control field | 20250528091612.0 |
| 008 - FIXED-LENGTH DATA ELEMENTS--GENERAL INFORMATION | |
| fixed length control field | 250508b cb ||||| |||| 00| 0 eng d |
| 040 ## - CATALOGING SOURCE | |
| Original cataloging agency | FISKH |
| Language of cataloging | khr |
| Transcribing agency | FISKH |
| Modifying agency | FISKH |
| 082 ## - DEWEY DECIMAL CLASSIFICATION NUMBER | |
| Classification number | 920 |
| 100 ## - MAIN ENTRY--PERSONAL NAME | |
| Personal name | Samnang, Mao |
| 245 ## - TITLE STATEMENT | |
| Title | ទេពធីតាសមុទ្រ : |
| Remainder of title | ប្រលោមលោកមនោសញ្ចេតនា / |
| Statement of responsibility, etc. | និពន្ធដោយអ្នកស្រី ម៉ៅ សំំណាង សមាជិកាសមាគមអ្នកនិពន្ធខ្មែរ |
| 260 ## - PUBLICATION, DISTRIBUTION, ETC. | |
| Place of publication, distribution, etc. | ភ្នំពេញ : |
| Name of publisher, distributor, etc. | បណ្ណល័យ សុរិយារង្សី , |
| Date of publication, distribution, etc. | 2010 . |
| 300 ## - PHYSICAL DESCRIPTION | |
| Extent | 133 pages : |
| Other physical details | illustrations ; |
| Dimensions | 20 cm . |
| 520 ## - SUMMARY, ETC. | |
| Summary, etc. | រឿងនេះតាមដានជីវិតរបស់ ផ្កាកែវ ស្ត្រីម្នាក់ដែលបាត់បង់ឪពុកម្តាយនៅវ័យកុមារ ហើយបានបែកបាក់ពីបងស្រី និងជីតា។ ក្រោយពីបញ្ចប់ការសិក្សានៅក្រុងភ្នំពេញ និងប្រឡងជាប់បាក់ឌុប ផ្កាកែវសម្រេចចិត្តបោះបង់ការសិក្សាផ្នែកវេជ្ជសាស្ត្រ និងត្រឡប់មកថែទាំជីតា។<br/>នៅភូមិដើម ផ្កាកែវបានជួបប្រទៈនឹងគហបីម្ចាស់ដី វិសុទ្ធសិលា ដែលបានបង្ហាញពីការស្នេហា និងការចាប់អារម្មណ៍លើនាង។ ការស្នេហារបស់គេបានបណ្តាលឲ្យផ្កាកែវសម្រេចចិត្តរៀបការជាមួយគេ ដើម្បីស្វែងរកការពិតអំពីមរណភាពរបស់បងស្រី និងតម្រុយចិញ្ចៀនពេជ្រមួយវង់។<br/>ផ្កាកែវប្រើប្រាស់មន្តស្នេហ៍ដូចជាការស្មោះត្រង់ ចិត្តល្អ និងភាពមេត្តា ដើម្បីបំបាត់គំនុំស្នេហ៍ និងសាងស្នេហានៅក្នុងគ្រួសារថ្មី។<br/> |
| 520 ## - SUMMARY, ETC. | |
| Summary, etc. | This story follows the life of Phka Keo, a young woman who lost her parents at an early age and was separated from her sister and grandfather. After completing her studies in Phnom Penh and passing the baccalaureate exam, Phka Keo decided to give up her pursuit of a medical degree and return to take care of her grandfather.<br/><br/>Back in her home village, Phka Keo encountered Visoth Sela, a wealthy landowner who expressed his love and affection for her. His love eventually led Phka Keo to agree to marry him, in part to uncover the truth behind her sister’s death and to follow the clues tied to a mysterious diamond ring.<br/><br/>Phka Keo used the “magic of love” — honesty, kindness, and compassion — to heal emotional wounds and build love within her new family. |
| 650 ## - SUBJECT ADDED ENTRY--TOPICAL TERM | |
| Topical term or geographic name entry element | ទេពធីតាសមុទ្រ |
| Form subdivision | ប្រលោមលោកមនោសញ្ចេតនា |
| 650 ## - SUBJECT ADDED ENTRY--TOPICAL TERM | |
| Topical term or geographic name entry element | Tepthida samot |
| Form subdivision | Love story |
| 942 ## - ADDED ENTRY ELEMENTS (KOHA) | |
| Source of classification or shelving scheme | Dewey Decimal Classification |
| Koha item type | Khmer Books |
| Suppress in OPAC | No |
| Withdrawn status | Lost status | Source of classification or shelving scheme | Damaged status | Not for loan | Collection | Home library | Current library | Shelving location | Date acquired | Total Checkouts | Full call number | Barcode | Date last seen | Copy number | Price effective from | Koha item type |
|---|---|---|---|---|---|---|---|---|---|---|---|---|---|---|---|---|
| Dewey Decimal Classification | Khmer Language Books / សៀវភៅភាសាខ្មែរ | Footprints International School Library Network Toul Tom Poung Campus | Footprints International School Library Network Toul Tom Poung Campus | TTP Secondary Khmer Bookshelves | 05/08/2025 | SAM 920 | FISSE01763 | 05/08/2025 | 1 | 05/08/2025 | Khmer Books | |||||
| Dewey Decimal Classification | Khmer Language Books / សៀវភៅភាសាខ្មែរ | Footprints International School Library Network Toul Tom Poung Campus | Footprints International School Library Network Toul Tom Poung Campus | TTP Primary Khmer Bookshelves | 05/08/2025 | SAM 920 | FISSE01746 | 05/08/2025 | 2 | 05/08/2025 | Khmer Books |
